000 00685nam a22001937a 4500
003 OSt
005 20240529150832.0
008 240529b ||||| |||| 00| 0 eng d
040 _cAIMIT LIBRARY
100 _aNaik, Naveen.
_e2016088
_9168433
245 _aStudy on customer satisfaction towards ganesh soaps and detergent industry bhatkal /
_cBy Naveen Naik ; Guided by Swapna Rose.
260 _aShirali ;
_c2022.
650 _aIndustry profile company profile and introduction to study
_9168434
650 _aLiterature review
_9168435
650 _aResearch methodology
_9168436
700 _aRose, Swapna.
_9168437
856 _3Ganesh soaps and detergents
942 _2ddc
_cPRO
999 _c230959
_d230959